000 00618nam a2200229Ia 4500
003 OSt
005 20220923225949.0
006 a|||||r|||| 00| 0
007 ta
008 Pun
024 _a276,375
037 _cTextual
040 _aARTS
_cARTS
_bPun
041 _2Pun
_aPun
082 _aO153,2NPA1,RG, K9
100 _aਨਨਕਾਣਵੀ, ਪਾਂਧੀ
_9156369
245 0 _aਰਾਤ ਗਮਾਂ ਦੀ
260 _c1969
650 _aਪੰਜਾਬੀ ਸਾਹਿਤ
942 _hO153,2NPA1,RG, K9
_cTEXL
_2CC
999 _c381640
_d381640